24 More 'H' Celebrities Quiz Stats

 Plays Quiz Updated Apr 7, 2014

Support Sporcle.
Go Orange.
Score 0/24 Timer 06:00
0 Plays Today
% Correct
Hulk Hogan
92.5%
David Hasselhoff
85.7%
Stephen Hawking
83.6%
Anne Hathaway
82.9%
Neil Patrick Harris
82.4%
Hugh Hefner
78.1%
Woody Harrelson
77%
Alfred Hitchcock
75.2%
Philip Seymour Hoffman
74%
Anthony Hopkins
71.5%
Jim Henson
69.5%
Buddy Holly
69.5%
% Correct
Ron Howard
66.5%
Tonya Harding
61%
Chris Hemsworth
58.1%
Gene Hackman
57.7%
Steve Harvey
57.1%
Jon Hamm
52.9%
Katharine Hepburn
51.8%
Teri Hatcher
47.1%
Deborah Harry
44.1%
Christina Hendricks
33.4%
Holly Hunter
31.9%
Phil Hartman
29.9%

You're not logged in!

Compare scores with friends on all Sporcle quizzes.
OR
Log In

From the Vault

Ben & Jerry's Flavors by Any 3 Letters

by aseligstein

Ah, our good friends Ben and Jerry... We love them.
Remove Ads.
Support Sporcle.
Get the best of Sporcle when you Go Orange. This ad-free experience offers more features, more stats, and more fun while also helping to support Sporcle. Thank you for becoming a member.

Show Comments

Extras

Top Quizzes Today


Score Distribution

Your Account Isn't Verified!

In order to create a playlist on Sporcle, you need to verify the email address you used during registration. Go to your Sporcle Settings to finish the process.

Report this User

Report this user for behavior that violates our Community Guidelines.

Details: